Aplications of the theory of matrices / (Record no. 68096)

MARC details
000 -LEADER
campo de control de longitud fija 00644nam a2200193 i 4500
001 - NÚMERO DE CONTROL
campo de control 68096
003 - IDENTIFICADOR DE NÚMERO DE CONTROL
campo de control ES-MaACL
005 - FECHA Y HORA DE LA ÚLTIMA TRANSACCIÓN
campo de control 20230906170214.0
007 - CAMPO FIJO DE DESCRIPCIÓN FÍSICA--INFORMACIÓN GENERAL
campo de control de longitud fija t|
008 - DATOS DE LONGITUD FIJA--INFORMACIÓN GENERAL
campo de control de longitud fija 040610s1959 xxu ||||1| eng d
100 1# - ENTRADA PRINCIPAL--NOMBRE DE PERSONA
Nombre de persona Gantmacher, F. R.
9 (RLIN) 53888
245 10 - MENCIÓN DEL TÍTULO
Título Aplications of the theory of matrices /
Mención de responsabilidad, etc. by F.R. Gantmacher ; translated and revised by J.L. Brenner with the assistance of D.W. Bushaw and S. Evanusa.
260 ## - PUBLICACIÓN, DISTRIBUCIÓN, ETC.
Lugar de publicación, distribución, etc. New York, etc. :
Nombre del editor, distribuidor, etc. Wiley,
Fecha de publicación, distribución, etc. [1959]
300 ## - DESCRIPCIÓN FÍSICA
Extensión IX, 317 p. ;
Dimensiones 24 cm.
700 1# - ENTRADA AGREGADA--NOMBRE PERSONAL
Nombre de persona Brenner, J. L.
9 (RLIN) 31593
700 1# - ENTRADA AGREGADA--NOMBRE PERSONAL
Nombre de persona Bushaw, D. W.
9 (RLIN) 32820
700 1# - ENTRADA AGREGADA--NOMBRE PERSONAL
Nombre de persona Evanusa, S.
9 (RLIN) 48379
852 ## - LOCALIZACIÓN
Ubicación ES-MaACL
Número de control de estantería C-56339
Sublocalización o colección R.88990
Holdings
Estatus retirado Estado de pérdida Estado de daño No para préstamo Biblioteca de origen Biblioteca actual Ubicación en estantería Fecha de adquisición Fuente de adquisición Total de préstamos Signatura topográfica completa Código de barras Visto por última vez Precio de reemplazo Tipo de ítem Koha
        Biblioteca del Ateneo de Madrid Biblioteca del Ateneo de Madrid Depósito 2 17/01/2008     C-56339 1071289 23/02/2023 23/02/2023 Libro impreso